Statistics for Capital Cities closer to London than Kiev than Kinshasa than Muscat than Taipei

Click here to take the quiz!

General Stats

  • This quiz has been taken 35 times
  • The average score is 11 of 20

Answer Stats

Capital City % Correct
Washington
79%
Tunis
79%
Ottawa
76%
Rabat
74%
Madrid
74%
Lisbon
71%
Algiers
68%
Tripoli
62%
Andorra la Vella
56%
Port-au-Prince
50%
Havana
50%
Santo Domingo
50%
Nassau
47%
Kingston
47%
Saint John's
38%
Tegucigalpa
38%
San Jose
38%
Managua
35%
Belmopan
32%
Basseterre
29%

Score Distribution

Percentile by Number Answered

Percent of People with Each Score

Your Score History

You have not taken this quiz